Cuentos de animales fantásticos para niños /

Guardado en:
Autor Principal: Romero Rey, Sandro
Formato: Libro
Publicado: Buenos Aires : Aique, 2007
Edición:2a. ed.
Series:Coedición latinoamericana
Materias:
Etiquetas: Agregar Etiqueta
Sin Etiquetas, Sea el primero en etiquetar este registro!
LEADER 01127nam a22002655a 4500
001 CEM.cems015082
005 20190917153402.0
008 130507s2007##################000#0#####d
003 CEMS
020 |a 9789870600930 
082 0 4 |a H868.4 
100 1 |a Romero Rey, Sandro 
245 1 0 |a Cuentos de animales fantásticos para niños /  |c Sandro Romero Rey ... y Otros 
250 |a 2a. ed. 
260 |a Buenos Aires :  |b Aique,  |c 2007 
300 |a 112 p. 
490 0 |a Coedición latinoamericana 
505 0 |a Brasil: La Boitatá -- Colombia: El hombre caimán -- Ecuador: Las guacamayas -- Guatemala: El caballito de siete colores -- Mexico: El murciélago -- Nicaragua: El lagarto de oro -- Perú: El Amaru -- Puerto Rico: El pájaro Inriri, fabricante de mujeres -- República Dominicana: La novia del pececito -- Venezuela: Blanca y el Salvaje 
653 |a Literatura 
653 |a Literatura latinoamericana 
653 |a Literatura infantil 
653 |a Cuentos infantiles 
653 |a Animales 
653 |a Colección ciencias de la educación 
859 |a CEMS  |b BIB. CEMS - Ccias. Educacion  |h H868.4  |i R664  |k CE  |p 28029.19  |t Ej.1